Sabaton: Finish the Lyrics (Easy) - Statistics

General Stats
  • This quiz has been taken 369 times
  • The average score is 6 of 10
Answer Stats
Hint Answer % Correct
Through the gates of hell, as we make our way to heaven, ______________! Through the Nazi lines
84%
THEY ARE THE PANZER ELITE! BORN TO COMPETE! ______________! NEVER RETREAT
83%
FOR THE GRACE, FOR THE MIGHT OF OUR LORD! ______________! FOR THE HOME OF THE HOLY
71%
CROSSES GROW ON ANZIO! WHERE NO SOLDIERS SLEEP, AND WHERE ______________! HELL'S SIX FEET DEEP
62%
STRIKE AT ZERO HOUR, WITH OVERWHELMING FIREPOWER! THEY'RE FUELLED BY THE FEAR ______________! IN THEIR ENEMIES EYES
60%
ATTERO! DOMINATUS! BERLIN IS BURNING! DENIQUE! INTERIMO! ______________! THE REICH HAS FALLEN
54%
The end of an era is here! IT'S TIME, TO ATTACK! ______________! INTO THE MOTHERLAND, THE GERMAN ARMY MARCH
44%
From the depths of hell in silence, cast their explosive violence, Russian nighttime, flight perfected, ______________! Flawless vision, undetected
41%
WE! WE WILL RESIST AND BITE! BITE HARD! ______________! CAUSE WE ARE ALL IN SIGHT
35%
They're outnumbered 15 to one! AND THE BATTLE'S BEGUN! ______________! THEN THE WINGED HUSSARS ARRIVED
34%
No matching quizzes found
Score Distribution
Percent of People with Each Score
Percentile by Number Answered
Your Score History
You have not taken this quiz